Statystyki dla Państwa Europy posiadjace wyspy

Kliknij tutaj aby rozwiązać quiz!

Ogólne statystyki

  • Ten quiz został rozwiązany 98 razy
    (91 od ostatniego zresetowania)
  • Średni wynik to 14 z 15

Statystyki odpowiedzi

L.p.Kraj% Poprawnych
1.Wielka Brytania
99%
6.Włochy
99%
7.Francja
98%
8.Grecja
98%
5.Norwegia
98%
10.Hiszpania
96%
11.Szwecja
96%
9.Dania
94%
3.Irlandia
94%
13.Niemcy
92%
15.Portugalia
92%
4.Rosja
89%
2.Islandia
88%
14.Finlandia
87%
12.Estonia
75%

Rozkład punktacji

Percentyl według liczby udzielonych odpowiedzi

Procent ludzi z każdym wynikiem

Twoja historia wyników

Nie rozwiązałeś tego quizu od ostatniego zresetowania